000 00771nam a22002177a 4500
005 20130429161541.0
010 _aENG-106940
020 _a9780198081654
_c1250.00
020 _a0198081650
_c1250.00
035 _aEN-90473
037 _bDBAD/PUB
082 0 4 _a333.7
_223
100 1 _aSengupta, Ramprasad.
245 1 0 _aEcological limits and economic development :
_bcreating space /
_cby Ramprasad Sengupta
260 _a New Delhi
_bOxford University Press
_c2013
270 _aYMCA Library Building, 1 Jai Singh Road
_b New Delhi
_e110001
300 _axxvi, 365 p.
_c25cm(Hb)
500 _aIncludes bibliographical references (pages 342-355) and index.
650 0 _aEconomic development
_xEnvironmental aspects.
942 _2ddc
_cEN
_h333.7
_mSEN
999 _c74942
_d74942